000 00380nam a2200145 4500
005 20260530113842.0
100 1 _aCarlos Rodriguez R.
_930308
245 1 0 _aManual de Auto-Construcción
264 1 _bEditorial Pax
_c2005
300 _a200 páginas
500 _aLibro de Referencia
336 _atexto
_2rdacontent
337 _asin medio
_2rdamedia
338 _avolumen
_2rdacarrier
999 _c11149
_d11149